Kỷ yếu Đại hội Ba

Shranjeno v:
Bibliografske podrobnosti
Korporativna značnica: Hội văn nghệ dân gian Việt Nam
Format: Knjiga
Jezik:Vietnamese
Izdano: H. Hội văn nghệ dân gian Việt Nam 1995
Teme:
Oznake: Označite
Brez oznak, prvi označite!
Thư viện lưu trữ: Mạng thư viện Đại học Đà Nẵng
LEADER 01261nam a2200325 4500
001 000004070
003 199
005 20121211001246.0
008 110714s1995 viesd
020 |c 15000 
041 0 |a vie 
082 |a 895.9225  |b HÔI 
110 |a Hội văn nghệ dân gian Việt Nam 
245 1 0 |a Kỷ yếu Đại hội Ba  |c Hội văn nghệ dân gian Việt Nam 
260 |a H.  |b Hội văn nghệ dân gian Việt Nam  |c 1995 
300 |a 267 tr.  |c 19 cm. 
500 |a Báo cáo điều lệ của BCH Hội văn nghệ dân gian việt Nam. Các bài phát biểu và nghiên cứu về văn hoá, nghệ thuật dân gian ở VN tại ĐH lần thứ 3 của hội 
653 |a Nghệ thuật dân gian 
653 |a Văn học dân gian 
910 |a Thi  |d 14/7/2011 
OWN |a LSP 
AVA |a UDN50  |b LSP  |d 895.9225 HÔI  |e available  |t Error 5001 Not defined in file expand_doc_bib_avail.  |f 1  |g 0  |h N  |i 0  |k 1 
999 |a From the UDN01 
AVA |a UDN50  |b LSP  |d 895.9225 HÔI  |e available  |t Error 5001 Not defined in file expand_doc_bib_avail.  |f 1  |g 0  |h N  |i 0  |k 1 
TYP |a Monograph 
TYP |a Printed language 
980 |a Mạng thư viện Đại học Đà Nẵng